[Event "Oslo Chess Festival 2018"]
[Site "Oslo"]
[Date "2018.10.07"]
[Round "10"]
[White "Pigott, John C"]
[Black "Skotheim, Andreas"]
[Result "1-0"]
[WhiteElo "2386"]
[BlackElo "2160"]
[Annotator "NA"]
[PlyCount "109"]
[EventDate "2018.09.30"]
[EventCountry "NOR"]
[SourceTitle "playchess.com"]
[Source "ChessBase"]
[SourceQuality "1"]
[TimeControl "40/5400+30:1800+30"]

1. e4 {[%emt 0:00:00]} c5 {[%emt 0:00:02]} 2. Nf3 {[%emt 0:00:12]} e6 {[%emt 0:00:19]} 3. d4 {[%emt 0:00:09]} cxd4 {[%emt 0:00:05]} 4. Nxd4 {[%emt 0:00:05]} Nc6 {[%emt 0:00:09]} 5. Nc3 {[%emt 0:00:11]} Qc7 {[%emt 0:00:11]} 6. Be3 {[%emt 0:00:12]} a6 {[%emt 0:00:13]} 7. Qf3 {[%emt 0:00:13] B48: Sicilian: Taimanov: 5 Nc3 Qc7 6 Be3 a6 without Be2} d6 {[%emt 0:01:08] LiveBook: 95 Games} (7... Nf6 8. O-O-O Ne5 9. Qg3 b5 10. a3 Bb7 11. Bxb5 Rc8 12. Ba4 Nxe4 13. Nxe4 Bxe4 14. Bf4 Qc4 15. Bxe5 Qxa4 {1-0 (38) Vachier Lagrave,M (2789)-Anand,V (2776) Karlsruhe/Baden-Baden 2018}) 8. O-O-O {[%emt 0:00:14]} Bd7 {[%emt 0:00:34]} 9. Nxc6 {[%emt 0:00:28]} Bxc6 {[%emt 0:11:07]} 10. Qg3 {[%emt 0:01:03]} Nf6 {[%emt 0:06:36]} 11. f3 {[%emt 0:04:08]} Rc8 {[%emt 0:02:38]} 12. Bd3 {[%emt 0:00:33]} Be7 $146 {[%emt 0:05:16]} ({Predecessor:} 12... b5 13. Kb1 Nd7 14. Rhe1 Nc5 {1-0 (42) Lopez Martinez,J (2552)-Ivanisevic,I (2648) Sitges 2016}) 13. Qxg7 {[%emt 0:12:40]} Rg8 {[%emt 0:00:57]} 14. Qh6 {[%emt 0:00:13]} Rxg2 {[%emt 0:10:35]} 15. Qh3 {[%emt 0:15:14]} Rg8 {[%emt 0:03:39]} 16. Kb1 {[%emt 0:02:43]} Qa5 {[%emt 0:08:21]} 17. Ne2 {[%emt 0:17:53]} Qh5 {[%emt 0:10:33]} 18. Qf1 {[%emt 0:01:42]} d5 {[%emt 0:03:21]} 19. Ng3 {[%emt 0:12:28]} Qh4 {[%emt 0:01:17]} 20. e5 {[%emt 0:12:36]} Nd7 {[%emt 0:01:45]} 21. f4 {[%emt 0:00:56]} d4 {[%emt 0:06:43]} 22. Bxd4 {[%emt 0:00:08]} Bxh1 {[%emt 0:00:09]} 23. Qxh1 {[%emt 0:00:04]} Rc7 {[%emt 0:03:35]} 24. Rf1 {[%emt 0:06:10]} Rg4 {[%emt 0:02:46]} 25. Be3 {[%emt 0:01:43]} Nc5 {[%emt 0:06:07]} 26. Be2 {[%emt 0:00:39]} Rg8 {[%emt 0:01:08]} 27. Bf2 {[%emt 0:03:34]} Qh3 {[%emt 0:03:11]} 28. Bxc5 {[%emt 0:00:56]} Bxc5 {[%emt 0:00:38]} 29. Bxa6 {[%emt 0:00:57]} Kf8 {[%emt 0:02:53]} 30. Bd3 {[%emt 0:01:01]} h5 {[%emt 0:01:17]} 31. Ne4 {[%emt 0:02:41]} Qg2 {[%emt 0:01:15]} 32. Ng5 {[%emt 0:00:59]} Qxh1 {[%emt 0:00:25]} 33. Rxh1 {[%emt 0:00:01]} Be7 {[%emt 0:01:17]} 34. h4 {[%emt 0:00:48]} Rd7 {[%emt 0:02:16]} 35. Kc1 {[%emt 0:00:29]} Rd4 {[%emt 0:00:51]} 36. Rf1 {[%emt 0:00:04]} Bxg5 {[%emt 0:01:43]} 37. hxg5 {[%emt 0:00:04]} Kg7 {[%emt 0:00:30]} 38. Kd2 {[%emt 0:00:09]} Ra8 {[%emt 0:00:22]} 39. a3 {[%emt 0:01:00]} h4 {[%emt 0:01:57]} 40. Ke3 {[%emt 0:00:12]} Rdd8 {[%emt 0:00:19]} 41. Rh1 {[%emt 0:05:13]} Rh8 {[%emt 0:02:40]} 42. Rh3 {[%emt 0:00:06]} Kf8 {[%emt 0:01:55]} 43. Kd4 {[%emt 0:05:33]} Rc8 {[%emt 0:08:08]} 44. a4 {[%emt 0:02:30]} b6 {[%emt 0:04:31]} 45. b4 {[%emt 0:14:40]} Ke7 {[%emt 0:03:09]} 46. a5 {[%emt 0:02:09]} bxa5 {[%emt 0:01:05]} 47. bxa5 {[%emt 0:00:06]} Kd8 {[%emt 0:02:28]} 48. a6 {[%emt 0:01:21]} Rc7 $11 {[%emt 0:01:44]} 49. Be4 {[%emt 0:02:28]} Kc8 {[%emt 0:00:36]} 50. Bb7+ {[%emt 0:01:19]} Kb8 {[%emt 0:00:22]} 51. c4 {[%emt 0:00:21]} Rd7+ {[%emt 0:02:02]} 52. Kc5 {[%emt 0:00:23]} Rd1 {[%emt 0:01:25]} 53. Kc6 {[%emt 0:00:27]} Ka7 {[%emt 0:00:46]} 54. c5 {[%emt 0:00:24]} Kb8 {[%emt 0:02:29]} 55. a7+ {[%emt 0:00:21]} 1-0

[Event "Oslo Chess Festival 2018"]
[Site "Oslo"]
[Date "2018.10.07"]
[Round "10"]
[White "Cherniaev, Alexander"]
[Black "Dziuba, Marcin"]
[Result "1-0"]
[WhiteElo "2384"]
[BlackElo "2573"]
[Annotator "TA"]
[PlyCount "98"]
[EventDate "2018.09.30"]
[EventCountry "NOR"]
[SourceTitle "playchess.com"]
[Source "ChessBase"]
[SourceQuality "1"]

{[%evp 21,98,37,30,0,63,52,64,26,33,21,12,14,32,28,35,17,22,17,16,12,11,15,43,50,90,93,85,87,89,94,92,91,118,117,116,110,181,109,123,129,211,0,0,0,0,-8,0,0,0,0,0,0,0,0,0,0,6,0,193,169,252,197,234,218,541,485,564,520,780,659,555,550,591,523,533,1062,1008,975,1042]} 1. e4 c5 2. Nf3 d6 3. d4 cxd4 4. Nxd4 Nf6 5. f3 e5 6. Nb3 d5 7. Bg5 Be6 8. Bxf6 gxf6 9. exd5 Qxd5 10. Qxd5 Bxd5 11. Nc3 Be6 12. Bb5+ {B55: Sicilian: 2...d6 3 d4 cxd4 4 Nxd4 Nf6 5 f3} (12. Nb5 Kd8 13. O-O-O+ Kc8 14. Nc3 Nd7 15. Nd5 h5 16. Bb5 Bxd5 17. Bxd7+ Kxd7 18. Rxd5+ Ke6 19. Rhd1 h4 20. Kb1 Rg8 21. c4 Rxg2 22. Nd4+ Ke7 23. f4 Rxh2 24. Nf5+ Ke6 25. Nd4+ Ke7 26. Nf5+ Ke6 {½-½ (26) Nabaty,T (2690)-Sjugirov,S (2652) Batumi 2018}) 12... Ke7 (12... Nd7 $11) 13. O-O-O $14 a6 14. Be2 $146 {White is slightly better.} (14. Bd3 {feels hotter.} Nc6 15. Kb1 Rc8 16. f4 f5 17. fxe5 Nxe5 18. Rhf1) ({Predecessor:} 14. Bd3 h5 15. Be4 Ra7 16. Nd5+ Bxd5 17. Rxd5 b6 18. Rhd1 Rd7 19. Bf5 Bh6+ {1-0 (153) Kovalevskaya,E (2475)-Dworakowska,J (2371) Istanbul 2000}) 14... Nc6 15. Nd5+ Bxd5 $1 16. Rxd5 Bh6+ 17. Kb1 Be3 18. c3 h5 19. Bd3 Rad8 20. Rxd8 Nxd8 21. Re1 Bb6 22. f4 Ne6 23. fxe5 fxe5 24. Rxe5 Bc7 25. Re2 Bxh2 26. Nc5 Kf6 27. Nxb7 Nf4 28. Rf2 Kg5 (28... Rg8 $16 {was necessary.}) 29. Bf1 (29. Bxa6 $18 f5 30. Nd6) 29... Kg4 30. Nd6 f5 (30... Bg1 $16 31. Rd2 (31. Nxf7 Bxf2 32. Nxh8 a5 $11) 31... Be3) 31. Rf3 $2 (31. Bxa6 $18 {And now Rd2 would win.} Bg1 32. Rd2) 31... Nxg2 $1 $11 32. Rxf5 {aiming for Be2+.} Bxd6 33. Rd5 Ne3 34. Be2+ Kg3 35. Rxd6 {[%mdl 4096] Endgame KRB-KRN} h4 {Strongly threatening ...h3.} 36. Rg6+ Kf2 37. Bxa6 h3 38. Bb7 h2 39. a4 {[%cal Ba2a4,Ba4a5][%mdl 32]} Rb8 $2 (39... Rh7 $11 {and Black stays safe.} 40. Bh1 Ra7) 40. Bh1 $1 $18 Rd8 {[#]} (40... Nd1 $142) 41. Ka2 $1 Rd1 {[#]} 42. Bc6 $1 Nd5 $2 (42... Rd8 {is a better chance.} 43. a5 Rc8) 43. Rh6 {White is clearly winning.} Kg1 44. a5 Rd2 {and the idea ...Nxc3+ leaves Black hopeful.} 45. Kb3 Nc7 46. Bb7 Rd1 47. Kb4 Ra1 48. c4 Ra2 49. b3 Ne8 {Precision: White = 76%, Black = 36%.} 1-0

[Event "Oslo Chess Festival 2018"]
[Site "Oslo"]
[Date "2018.10.07"]
[Round "10"]
[White "Vijayalakshmi, Subbaraman"]
[Black "Sriram, Jha"]
[Result "1/2-1/2"]
[WhiteElo "2359"]
[BlackElo "2394"]
[Annotator "TA"]
[PlyCount "40"]
[EventDate "2018.09.30"]
[EventCountry "NOR"]
[SourceTitle "playchess.com"]
[Source "ChessBase"]
[SourceQuality "1"]

{[%evp 28,40,0,0,0,0,0,0,0,0,0,0,0,-6,0]} 1. d4 d5 2. c4 c6 3. Nf3 Nf6 4. cxd5 cxd5 5. Nc3 Nc6 6. Bf4 Bf5 7. e3 e6 8. Bd3 Bxd3 9. Qxd3 Bd6 10. Bxd6 Qxd6 11. O-O O-O 12. Rac1 Rac8 13. Ne2 Ne7 {D14: Slav Defence: Exchange variation with ...Bf5} 14. Rxc8 Rxc8 15. Rc1 {LiveBook: 57 Games. The position is equal.} Qd8 16. Qd1 Rxc1 17. Qxc1 Qc8 {[#]} 18. Qd1 $146 ({Predecessor:} 18. Qxc8+ Nxc8 {½-½ (18) Jobava,B (2669)-Paichadze,L (2544) Izmir 2016}) 18... Qd8 19. Qc1 Qc8 20. Qd1 Qd8 1/2-1/2

[Event "Oslo Chess Festival 2018"]
[Site "Oslo"]
[Date "2018.10.07"]
[Round "10"]
[White "Mikalsen, Erlend"]
[Black "Movsziszian, Karen"]
[Result "1-0"]
[WhiteElo "2332"]
[BlackElo "2523"]
[Annotator "TA"]
[PlyCount "95"]
[EventDate "2018.09.30"]
[EventCountry "NOR"]
[SourceTitle "playchess.com"]
[Source "ChessBase"]
[SourceQuality "1"]

{[%evp 9,95,78,74,85,142,143,139,67,84,53,45,45,39,62,80,87,87,73,76,66,80,73,77,46,100,92,125,118,149,119,160,167,206,155,169,131,141,100,111,106,111,107,102,104,93,98,123,133,149,139,162,120,160,112,215,210,221,225,212,219,242,242,257,274,263,230,213,0,266,273,450,440,759,755,725,709,1407,985,29977,29973,29973,29974,29973,29966,29951,4292,29960,29952]} 1. e4 g6 2. d4 Bg7 3. Nc3 Nc6 4. d5 Nd4 5. Be3 (5. Nce2 Nxe2 6. Bxe2 d6 7. c3 Nf6 8. Nf3 O-O 9. Qc2 e6 10. dxe6 Bxe6 11. O-O h6 12. Be3 Re8 13. Rfe1 Bd7 {½-½ (13) Cosma,E (2320)-Baratosi,D (2368) Cap Aurora 2017}) 5... c5 {LiveBook: 4 Games} 6. Na4 {And now c3 would win. B06: Modern Defence} Qa5+ (6... e5 $142) 7. c3 $16 {Threatens to win with Bd2.} Nb5 8. Bxb5 (8. Rb1 $16) 8... Qxb5 $14 9. Bxc5 Nf6 10. f3 d6 11. Bd4 O-O 12. Ne2 $146 ({Predecessor:} 12. b3) 12... e6 13. dxe6 Bxe6 14. O-O d5 15. e5 Nd7 16. f4 Rac8 (16... Bg4 $14 17. Rf2 Qc6) 17. b3 ({Stronger than} 17. Bxa7 Bg4 $17) 17... Qa6 18. Ng3 Rfe8 19. Qd2 b5 20. Nb2 Nc5 21. Qe3 Qa3 22. Rfb1 a5 23. Nd3 Nxd3 24. Qxd3 b4 25. cxb4 Qxb4 26. a3 Qb7 27. b4 a4 28. Rf1 Bd7 29. Rf2 Rc4 30. Re1 Qc7 31. Qd2 h5 {[#]} (31... f6 $16 32. Nf1 fxe5 33. Bxe5 Bxe5 34. Qxd5+ (34. fxe5 Rxe5 35. Qh6 Bf5 $11) 34... Be6 35. Qxe5 Qxe5 36. Rxe5 (36. fxe5 Rc3 $16) 36... Bd7) 32. Nf1 $1 $18 {[%cal Bg3f1,Bf1e3,Be3c2,Bc2d4][%mdl 32]} Qb7 33. Ne3 Rcc8 34. Bc5 Bc6 35. Nc2 Bb5 36. Nd4 Bc4 37. Bd6 Rcd8 {intending ...Rxd6.} 38. Bc5 Rc8 39. Rf3 Rxc5 $2 (39... Kh7 {keeps fighting.} 40. Rfe3 Kg8) 40. bxc5 Bf8 (40... f5 $142 41. Qa5 Bf8) 41. f5 {[%cal Bf4f5,Bf5g6][%mdl 32]} Bxc5 42. Kh1 Qb6 43. e6 Bxd4 44. exf7+ Kxf7 45. fxg6+ Kg7 46. Rxe8 Bf6 47. Qc1 (47. Qe1 $142 Qd4 {[#]} 48. Re7+ $1 {[%mdl 512]} Bxe7 49. Qxe7+ Kxg6 50. h4 Qd1+ 51. Kh2 Qxf3 52. gxf3) 47... Qd4 48. Re6 {Precision: White = 59%, Black = 30%.} 1-0

[Event "Oslo Chess Festival 2018"]
[Site "Oslo"]
[Date "2018.10.07"]
[Round "10"]
[White "Sousa, Ludy Helsio Paulo"]
[Black "Haug, Johannes"]
[Result "0-1"]
[WhiteElo "2175"]
[BlackElo "2391"]
[Annotator "NA"]
[PlyCount "138"]
[EventDate "2018.09.30"]
[EventCountry "NOR"]
[SourceTitle "playchess.com"]
[Source "ChessBase"]
[SourceQuality "1"]
[TimeControl "40/5400+30:1800+30"]

1. e4 {[%emt 0:00:00]} c6 {[%emt 0:00:00]} 2. d4 {[%emt 0:00:56]} d5 {[%emt 0:00:00]} 3. Nc3 {[%emt 0:00:19]} dxe4 {[%emt 0:00:00]} 4. Nxe4 {[%emt 0:00:08]} Bf5 {[%emt 0:00:09]} 5. Ng3 {[%emt 0:00:07]} Bg6 {[%emt 0:00:09]} 6. h4 {[%emt 0:00:37]} h6 {[%emt 0:00:06]} 7. Nf3 {[%emt 0:00:13]} Nd7 {[%emt 0:00:13]} 8. Bd3 {[%emt 0:00:02]} Bxd3 {[%emt 0:00:10]} 9. Qxd3 {[%emt 0:00:09]} ({Much weaker is} 9. cxd3 e6 $15) 9... e6 {[%emt 0:00:10]} 10. Bf4 {[%emt 0:00:37] LiveBook: 37 Games} Qa5+ {[%emt 0:00:07]} 11. Bd2 {[%emt 0:00:20]} Qc7 {[%emt 0:00:06]} 12. c4 {[%emt 0:00:47] B19: Classical Caro-Kann: 4...Bf5 main line} (12. O-O-O Ngf6 13. Ne4 O-O-O 14. g3 Nc5 15. Nxc5 Bxc5 16. c4 Qe7 17. Rhe1 Ng4 18. Re2 Bb4 19. Kb1 Bxd2 20. Rdxd2 Nf6 21. Qc3 Kb8 {1-0 (41) Popov,I (2617)-Khairullin,I (2605) Dagomys 2010}) 12... Ngf6 {[%emt 0:01:19]} 13. Bc3 {[%emt 0:00:14]} Rd8 $146 {[%emt 0:08:19]} ({Predecessor:} 13... Be7 14. Qe2 O-O 15. O-O Qf4 16. Rfe1 Qg4 17. Rad1 Rfd8 18. b4 Bd6 19. Ne4 Nxe4 20. Qxe4 Qxe4 21. Rxe4 {0-1 (54) Martin Capitan,F (2116)-Padeiro,J (2285) Linares 2016}) 14. Ne4 {[%emt 0:03:12]} Be7 {[%emt 0:04:42]} 15. Nxf6+ {[%emt 0:03:23]} Nxf6 {[%emt 0:04:38]} 16. Qe2 {[%emt 0:04:56]} Qf4 {[%emt 0:15:07]} 17. O-O {[%emt 0:12:01]} Qg4 {[%emt 0:09:51]} 18. Rfe1 {[%emt 0:02:32]} O-O {[%emt 0:06:19]} 19. g3 {[%emt 0:09:50]} Qf5 {[%emt 0:07:18]} 20. Rad1 {[%emt 0:01:02]} b5 {[%emt 0:08:26]} (20... Ng4 $11 {hält das Gleichgewicht.}) 21. Ne5 {[%emt 0:02:49]} Rc8 {[%emt 0:00:43]} 22. b3 {[%emt 0:10:41]} h5 {[%emt 0:16:12]} 23. Rd3 {[%emt 0:08:56]} Rfe8 {[%emt 0:07:03]} 24. Kg2 {[%emt 0:04:23]} bxc4 {[%emt 0:02:15]} 25. bxc4 {[%emt 0:00:31]} Bd6 {[%emt 0:00:41]} 26. Rf3 {[%emt 0:01:27]} Qh7 {[%emt 0:00:07]} 27. Qd2 {[%emt 0:04:21]} Bxe5 {[%emt 0:02:06]} 28. dxe5 {[%emt 0:01:03]} Ng4 {[%emt 0:00:15]} 29. Qd7 {[%emt 0:00:19]} Rf8 {[%emt 0:04:40]} 30. Rxf7 {[%emt 0:03:31]} Rxf7 {[%emt 0:02:03]} 31. Qxc8+ {[%emt 0:00:08]} Rf8 {[%emt 0:00:04]} 32. Qxe6+ {[%emt 0:00:07]} Kh8 {[%emt 0:00:02]} 33. Kg1 {[%emt 0:12:02]} Qd3 {[%emt 0:01:07]} 34. Qd6 {[%emt 0:10:04]} Qf3 {[%emt 0:00:48]} 35. Bd4 {[%emt 0:00:46]} Nxf2 {[%emt 0:01:20]} 36. Qxf8+ {[%emt 0:00:34]} Qxf8 {[%emt 0:00:03]} 37. Bxf2 {[%emt 0:00:10]} Qe7 {[%emt 0:01:14]} 38. e6 {[%emt 0:00:18]} Kg8 {[%emt 0:00:26]} 39. Re5 {[%emt 0:01:00]} Qd6 {[%emt 0:00:32]} 40. Re4 {[%emt 0:01:37]} Kf8 {[%emt 0:00:31]} 41. Kg2 {[%emt 0:03:48]} a6 {[%emt 0:06:23]} 42. e7+ {[%emt 0:04:06]} Ke8 {[%emt 0:00:56]} 43. Bb6 {[%emt 0:14:17]} Qd2+ {[%emt 0:05:41]} 44. Kf3 {[%emt 0:00:37]} Qd3+ {[%emt 0:01:13]} 45. Be3 {[%emt 0:01:50]} Qf1+ {[%emt 0:00:06]} 46. Bf2 {[%emt 0:00:11]} c5 {[%emt 0:09:30]} 47. a4 {[%emt 0:02:39]} a5 {[%emt 0:00:07]} 48. Re2 {[%emt 0:00:52]} Qh1+ {[%emt 0:01:56]} 49. Kf4 {[%emt 0:00:17]} Qc1+ {[%emt 0:01:01]} 50. Kf3 {[%emt 0:05:19]} Qxc4 {[%emt 0:00:07]} 51. Re4 {[%emt 0:00:43]} Qd3+ {[%emt 0:04:03]} 52. Be3 {[%emt 0:01:40]} c4 {[%emt 0:01:04]} 53. Re5 {[%emt 0:00:38]} c3 {[%emt 0:03:41]} 54. Rxa5 {[%emt 0:00:10]} Kxe7 {[%emt 0:00:44]} 55. Rc5 {[%emt 0:02:34]} Kd6 $17 {[%emt 0:00:33]} (55... Qf1+ $19 56. Ke4 Qg2+ 57. Kd3 Qxg3) 56. Kf2 {[%emt 0:00:11]} Qc2+ {[%emt 0:00:45]} 57. Ke1 {[%emt 0:00:35]} Qb2 {[%emt 0:00:39]} 58. a5 {[%emt 0:00:36]} c2 {[%emt 0:00:32]} 59. a6 {[%emt 0:00:56]} Qa1+ {[%emt 0:00:18]} 60. Kf2 {[%emt 0:00:27]} Qa2 {[%emt 0:00:03]} 61. Kf3 {[%emt 0:00:16]} Qf7+ {[%emt 0:01:05]} 62. Ke2 {[%emt 0:00:09]} Qa2 {[%emt 0:00:34]} 63. Kd3 {[%emt 0:00:37]} Qxa6+ {[%emt 0:00:25]} 64. Kxc2 {[%emt 0:00:12]} Qe2+ {[%emt 0:00:06]} 65. Kb3 {[%emt 0:01:34]} Qxe3+ {[%emt 0:00:11]} 66. Rc3 {[%emt 0:00:24]} Qg1 {[%emt 0:00:07]} 67. Kc4 {[%emt 0:00:24]} Ke5 {[%emt 0:00:35]} 68. Rb3 {[%emt 0:00:56]} Qd4+ {[%emt 0:00:46]} 69. Kb5 {[%emt 0:00:03]} Qd5+ {[%emt 0:00:26]} 0-1

[Event "Oslo Chess Festival 2018"]
[Site "Oslo"]
[Date "2018.10.07"]
[Round "10"]
[White "Vasyliv, Stanislav"]
[Black "Stella, Andrea"]
[Result "0-1"]
[WhiteElo "2142"]
[BlackElo "2500"]
[Annotator "TA"]
[PlyCount "104"]
[EventDate "2018.09.30"]
[EventCountry "NOR"]
[SourceTitle "playchess.com"]
[Source "ChessBase"]
[SourceQuality "1"]

{[%evp 21,104,-1,0,0,14,12,9,0,0,-26,-21,-10,-11,-36,-36,-35,-26,-26,-11,-37,-37,-37,-31,-37,-37,-37,-20,-18,-9,-37,-21,-28,-21,-45,-45,-45,-38,-43,0,-43,-22,-29,-18,-34,-15,-80,-66,-108,-80,-81,-67,-88,-69,-94,-95,-154,-145,-141,-76,-105,-101,-146,-100,-145,-147,-158,-151,-154,-120,-162,-112,-257,-277,-287,-250,-323,-328,-286,-234,-734,-712,-29983,-29984,-29987,-29988]} 1. d4 Nf6 2. Nf3 g6 3. c4 Bg7 4. Nc3 d5 5. Bg5 Ne4 6. cxd5 Nxg5 7. Nxg5 e6 8. Qd2 h6 9. Nf3 exd5 10. e3 O-O 11. b4 Be6 {LiveBook: 6 Games. D91: Grünfeld: 4 Nf3 Bg7 5 Bg5} 12. Bd3 a6 13. O-O Nd7 {The position is equal.} 14. a4 c6 {[%cal Bc7c6,Bc6c5,Bc5c4][%mdl 32] [#]} 15. b5 $146 ({Predecessor:} 15. Ne2 Qe7 16. h3 g5 17. Rac1 Qd6 18. Qc2 Rac8 19. h4 g4 20. Nd2 Qxb4 21. Rb1 Qd6 22. Rxb7 c5 23. Qb1 Rb8 {½-½ (23) Barsov,A (2534)-Rowson,J (2494) York 2000}) 15... axb5 16. axb5 c5 17. Rxa8 Qxa8 18. Qb2 c4 19. Ra1 Qb8 20. Be2 Rc8 21. Ne1 Nb6 22. Nc2 Bf8 23. Bf3 f5 24. g3 Bf7 25. Qc1 Qd6 26. Ra7 Rb8 27. Qd1 Nd7 28. Qa1 Nf6 29. Qa5 Kg7 30. Na4 Nd7 31. Nc3 Nb6 32. Qa1 g5 33. Kg2 (33. Bg2 $11) 33... Be7 34. Qd1 Nd7 35. Kg1 Nf6 36. Bg2 h5 37. f4 g4 38. h4 {[#]} (38. Qa1 $142) 38... gxh3 $1 $17 39. Bxh3 Ng4 (39... Ne4 $142 40. Nxe4 fxe4) 40. Qf3 Qd7 41. Ra1 Re8 42. Bg2 {[%cal Rc3d5]} Rd8 43. Qe2 Rh8 44. Bf3 Nf6 45. Kf2 h4 {[%cal Bh5h4,Bh4h3][%mdl 32]} 46. Rg1 (46. gxh4 $17 Rxh4 47. Rg1+ Kf8 48. Qf1) 46... h3 $19 47. Rh1 Bd8 48. Nb4 Ba5 49. Qb2 Qd6 50. Nc2 $2 (50. Nba2) 50... Bh5 {[#] Threatens to win with ...Bxf3.} 51. Ne2 Bxf3 52. Kxf3 Qe6 {Precision: White = 25%, Black = 54%.} 0-1

[Event "Oslo Chess Festival 2018"]
[Site "Oslo"]
[Date "2018.10.07"]
[Round "10"]
[White "Abdrlauf, Elham"]
[Black "Ranaldi, Lucas"]
[Result "1-0"]
[WhiteElo "2080"]
[BlackElo "2335"]
[Annotator "NA"]
[PlyCount "81"]
[EventDate "2018.09.30"]
[EventCountry "NOR"]
[SourceTitle "playchess.com"]
[Source "ChessBase"]
[SourceQuality "1"]
[TimeControl "40/5400+30:1800+30"]

{[%evp 11,56,34,38,43,31,15,30,15,13,-12,32767,-16,-6,-6,16,-5,28,25,16,16,26,-22,30,0,40,-46,-39,-58,64,-189,-177,-180,-259,-291,-302,-326,-281,-329,32767,-320,-258,-272,-268,32767,-341,-322,-312]} 1. d4 {[%emt 0:00:00]} Nf6 {[%emt 0:00:00]} 2. c4 {[%emt 0:00:00]} e6 {[%emt 0:00:00]} 3. Nf3 {[%emt 0:00:00]} Bb4+ {[%emt 0:00:00]} 4. Bd2 {[%emt 0:00:00]} c5 {[%emt 0:00:00]} 5. Bxb4 {[%emt 0:00:05]} cxb4 {[%emt 0:00:00]} 6. e3 {[%emt 0:01:22]} b6 {[%emt 0:00:37]} 7. Bd3 {[%emt 0:00:04]} Bb7 {[%emt 0:00:00]} 8. Nbd2 {[%emt 0:00:48]} O-O {[%emt 0:02:20]} 9. Qc2 {[%emt 0:03:24]} d6 {[%emt 0:03:23]} 10. g4 {[%emt 0:10:34]} g6 {[%emt 0:07:33]} 11. h3 {[%emt 0:06:13]} Nbd7 {[%emt 0:03:39]} 12. g5 {[%emt 0:03:31]} Nh5 {[%emt 0:01:12]} 13. Be4 {[%emt 0:00:26]} Qc7 {[%emt 0:08:00]} 14. Bxb7 {[%emt 0:14:40]} Qxb7 {[%emt 0:00:03]} 15. Qe4 {[%emt 0:00:45]} Qc7 {[%emt 0:02:50]} 16. Nh2 {[%emt 0:05:16]} Rab8 {[%emt 0:30:52]} 17. Ng4 {[%emt 0:03:11]} b5 {[%emt 0:00:35]} 18. b3 {[%emt 0:00:41]} (18. cxb5 $11 Rxb5 19. h4) 18... bxc4 {[%emt 0:00:49]} 19. bxc4 {[%emt 0:00:02]} Qa5 {[%emt 0:10:38]} ({Better is} 19... f5 $15 20. Qxe6+ Kh8) 20. Ke2 $2 {[%emt 0:03:47] Qxg} (20. Qc6 $14 Rbd8 21. Ke2 (21. Qxd6 b3 $16)) 20... Qxg5 {[%emt 0:01:29]} 21. Qc6 {[%emt 0:01:41] [#]} Qe7 $1 {[%emt 0:01:31]} 22. Rag1 {[%emt 0:08:59]} (22. Ne4 {war nötig.} f5 23. Qxd6) 22... f5 {[%emt 0:00:59]} 23. Nh2 {[%emt 0:00:02]} Kh8 {[%emt 0:03:30]} 24. Nhf3 {[%emt 0:00:54]} e5 {[%emt 0:05:07]} 25. dxe5 {[%emt 0:04:12] Nx} Nxe5 {[%emt 0:01:32]} 26. Qd5 {[%emt 0:01:28]} Rbc8 {[%emt 0:06:13]} 27. Nxe5 {[%emt 0:00:37] dxe} dxe5 $19 {[%emt 0:00:52]} ({Weaker is} 27... Qxe5 28. Qxe5+ dxe5 29. Rb1 $15) 28. Nf3 {[%emt 0:02:51]} Rc5 {[%emt 0:00:41]} 29. Qd2 {[%emt 0:01:07]} Rxc4 {[%emt 0:02:00]} 30. Rc1 {[%emt 0:00:30]} Rxc1 31. Rxc1 {[%emt 0:00:01]} Nf6 {[%emt 0:04:31]} 32. Rc4 {[%emt 0:01:16]} a5 {[%emt 0:01:02]} 33. Qc2 {[%emt 0:00:26]} Nd5 {[%emt 0:00:55]} 34. Kf1 {[%emt 0:00:55]} Nc3 {[%emt 0:01:07]} 35. a3 {[%emt 0:00:33]} Rd8 {[%emt 0:02:14]} 36. axb4 {[%emt 0:00:15]} axb4 {[%emt 0:00:03]} 37. Qb3 {[%emt 0:02:54]} Rd1+ {[%emt 0:00:52]} 38. Kg2 {[%emt 0:00:41]} Rb1 {[%emt 0:01:09]} 39. Rc8+ {[%emt 0:00:02]} Kg7 {[%emt 0:00:01]} 40. Qc4 {[%emt 0:01:06]} Kh6 {[%emt 0:01:06]} 41. Rc7 {[%emt 0:31:14]} 1-0